Taalnamen in de Taal Quiz - Statistieken

Algemene statistieken
  • Deze quiz is 5.117 keer genomen
  • De gemiddelde score is 13 van 21
Antwoordstatistieken
Taal in Taal Nederlands % Correct
Deutsch Duits
100%
English Engels
100%
Español Spaans
100%
Polski Pools
99%
Russkiy Russisch
96%
Al-ʻarabīyah Arabisch
92%
Italiano Italiaans
91%
Norsk Noors
90%
Dansk Deens
87%
Tiếng Việt Vietnamees
70%
Svenska Zweeds
70%
Suomi Fins
42%
Hrvatski Kroatisch
35%
Zhōngwén Chinees
34%
Kiswahili Swahili
31%
Gaeilge Iers
29%
Magyar Hongaars
24%
Nihongo Japans
24%
Elliniká Grieks
21%
Hangugeo Koreaans
16%
Cymraeg Welsh
14%
Geen overeenkomende quizzen gevonden
Scoreverdeling
Procent van Mensen met Elke Score
Percentiel versus Aantal Correcte Antwoorden
Uw Scoregeschiedenis
U heeft deze quiz nog niet genomen